00733pam a2200229 a 450000100070000000500170000700800410002401000170006502000150008204000230009705000210012006000170014110000210015824500870017925000120026626000850027830000410036350400390040465000130044365000180045670000290047451753920161110122836.0861017s1987 caua b 001 0 eng c a 86026528  a0201117746 aDNLM/DLCcDLCdDLC00aRT41 b.K72 1987 aWY 100 K88fa1 aKozier, Barbara.10aFundamentals of nursing :bconcepts and procedures /cBarbara Kozier, Glenora Erb. a3rd ed. aMenlo Park, Calif. :bAddison-Wesley Pub. Co., Health Sciences Division,cc1987. axxvii, 1658, 60 p. :bill. ;c30 cm. aIncludes bibliographies and index. 0aNursing. 2aNursing Care.1 aErb, Glenora Lea,d1937-